Mỹ học; T1

Đã lưu trong:
書目詳細資料
主要作者: George W Hegel
格式: 圖書
語言:Undetermined
出版: Hà Nội Văn Học 1999
主題:
標簽: 添加標簽
沒有標簽, 成為第一個標記此記錄!
Thư viện lưu trữ: Trung tâm Học liệu Trường Đại học Cần Thơ
LEADER 00461nam a2200169Ia 4500
001 CTU_29695
008 210402s9999 xx 000 0 und d
082 |a 111.85 
082 |b H462/T1 
100 |a George W Hegel 
245 0 |a Mỹ học; T1 
245 0 |c George W Hegel, Phan Ngọc 
260 |a Hà Nội 
260 |b Văn Học 
260 |c 1999 
650 |a aesthetics,philosophy, german 
980 |a Trung tâm Học liệu Trường Đại học Cần Thơ